El modelo brasilero

Đã lưu trong:
Chi tiết về thư mục
Định dạng: Sách
Ngôn ngữ:Tiếng Tây Ban Nha
Được phát hành: s.l 1965
Những chủ đề:
Các nhãn: Thêm thẻ
Không có thẻ, Là người đầu tiên thẻ bản ghi này!

MARC

LEADER 00000cam a2200000 a 4500
001 UCR3751
003 CL-VaPUC
008 980130e19650000bl |||||||||||||||||spa|d
082 0 4 |a 981  |b MOD  |2 21 
245 1 3 |a El modelo brasilero 
300 |a 120 p 
942 |c BK 
945 |d 19980130 00:00:00  |a rleighto 
260 |b s.l  |c 1965 
650 7 |a HISTORIA DE BRASIL  |2 CL-VaPUC  |9 403010 
650 0 |a Desarrollo económico  |9 259599 
650 0 |a Inflación   |9 257218 
651 0 |a Brasil  |9 267393 
583 |a last modification  |c 20160704 11:51:28  |k Rodrigo Vera 
999 |c 266785  |d 266783 
952 |0 0  |1 0  |4 0  |6 981_000000000000000_MOD_1965  |7 0  |8 X  |9 298705  |a BIBHIS  |b BIBHIS  |d 2019-11-20  |i 3379248  |o 981 MOD 1965  |p 3379248  |r 2024-01-30  |w 2019-11-20  |y BK_X  |k HIS 
952 |0 0  |1 0  |3 erb  |4 0  |6 981_000000000000000_MOD_1965  |7 0  |8 A  |9 298706  |a FDOHBE  |b FDOHBE  |e Huesbe Llanos, Marco Antonio, 1934-  |i 533084K  |o 981 MOD 1965  |p 533084K  |r 2024-01-30  |w 2019-11-20  |y BK  |z Catalogado en:20160708  |k HBE